Introduction to behavioral economics : (Registro nro. 4784)

Detalles MARC
000 -LEADER
fixed length control field 00908nam a2200229Ia 4500
003 - CONTROL NUMBER IDENTIFIER
control field OSt
005 - DATE AND TIME OF LATEST TRANSACTION
control field 20200611114205.0
008 - FIXED-LENGTH DATA ELEMENTS--GENERAL INFORMATION
fixed length control field 191128t2014 eu ad fr 000 0 eng d
020 ## - INTERNATIONAL STANDARD BOOK NUMBER
International Standard Book Number 9780470596227
040 ## - CATALOGING SOURCE
Original cataloging agency CO-JMCR
Transcribing agency CO-JMCR
041 0# - LANGUAGE CODE
Language code of text/sound track or separate title eng
082 04 - DEWEY DECIMAL CLASSIFICATION NUMBER
Classification number 330.01 /
Item number J877i
Edition number 23
100 1# - MAIN ENTRY--PERSONAL NAME
Personal name Just, David R.,
Relator term autor
9 (RLIN) 5115
245 10 - TITLE STATEMENT
Title Introduction to behavioral economics :
Remainder of title noneconomic factors that shape economic decisions /
Statement of responsibility, etc. David R. Just
260 ## - PUBLICATION, DISTRIBUTION, ETC.
Place of publication, distribution, etc. New York :
Name of publisher, distributor, etc. John Wiley & Sons,
Date of publication, distribution, etc. ©2014
300 ## - PHYSICAL DESCRIPTION
Extent xvii, 505 páginas :
Other physical details gráficos a blanco y negro ;
Dimensions 24 cm.
505 0# - FORMATTED CONTENTS NOTE
Formatted contents note Consumer purchasing decisions --Information and uncertainty --Time discounting and the long and short run -- Social preferences
650 14 - SUBJECT ADDED ENTRY--TOPICAL TERM
Topical term or geographic name entry element Comportamiento del consumidor
9 (RLIN) 5116
650 14 - SUBJECT ADDED ENTRY--TOPICAL TERM
Topical term or geographic name entry element Teoría de la elección racional
9 (RLIN) 5117
650 14 - SUBJECT ADDED ENTRY--TOPICAL TERM
Topical term or geographic name entry element Economía
General subdivision aspectos psicológicos
9 (RLIN) 5118
942 ## - ADDED ENTRY ELEMENTS (KOHA)
Source of classification or shelving scheme Dewey Decimal Classification
Koha item type Books
Existencias
Withdrawn status Lost status Source of classification or shelving scheme Damaged status Not for loan Collection code Home library Current library Date acquired Source of acquisition Cost, normal purchase price Total Checkouts Full call number Barcode Date last seen Copy number Koha item type
    Dewey Decimal Classification     Non-fiction Biblioteca Pública José María del Castillo y Rada Biblioteca Pública José María del Castillo y Rada 04/15/2018 Donación 0.00   330.01 / J877i 430000379 05/16/2024 Ej.1 Books